000 01329cam a22003858i 4500
001 20354840
003 NUST
005 20211020145950.0
008 180212s2018 flu b 001 0 eng
010 _a 2018006938
020 _a9781138724792 (hardback : alk. paper)
038 _akhadija
040 _aDLC
_beng
_erda
_cDLC
042 _apcc
050 0 0 _aTK1001
_b.E347 2018
082 0 0 _a621.319
_223
_bELE
100 _aGomez-Exposito , antonio & Conejo , Antonio J. & Canizares , Claudio A.
_918379
245 0 0 _aElectric Energy Systems :
_banalysis and operation /
_cedited by Antonio Gómez-Expósito, Antonio J. Conejo, Claudio Cañizares.
250 _a2nd ed.
263 _a1807
264 1 _aBoca Raton :
_bTaylor & Francis, CRC Press,
_c2018.
300 _apages cm
336 _atext
_btxt
_2rdacontent
337 _aunmediated
_bn
_2rdamedia
338 _avolume
_bnc
_2rdacarrier
504 _aIncludes bibliographical references and index.
563 _ahardcover
650 0 _aElectric power systems.
_918375
700 1 _aGómez Expósito, Antonio,
_eeditor.
_969609
700 1 _aConejo, Antonio J.,
_eeditor.
_918377
700 1 _aCañizares, Claudio,
_eeditor.
_918378
906 _a7
_bcbc
_corignew
_d1
_eecip
_f20
_gy-gencatlg
942 _2ddc
_cBK
999 _c527241
_d527241